[Event "Provincial-ch Vila Real"]
[Site "Vila Real"]
[Date "2012.10.20"]
[Round "3"]
[White "Core Lopez, Virginia"]
[Black "Aymerich Rosell, Pablo"]
[Result "1-0"]
[WhiteElo "1596"]
[BlackElo "2173"]
[PlyCount "131"]
[EventDate "2012.10.06"]
[EventType "swiss"]
[EventRounds "7"]
[EventCountry "ESP"]
[SourceTitle "EXT 2024"]
[Source "ChessBase"]
[SourceDate "2023.10.10"]
[SourceVersion "1"]
[SourceVersionDate "2023.10.10"]
[SourceQuality "1"]

1. d4 Nf6 2. c4 e6 3. Nf3 d5 4. cxd5 exd5 5. Nc3 Bb4 6. Bg5 Nbd7 7. e3 c5 8. Bd3 Qa5 9. Qc2 c4 10. Bf5 0-0 11. 0-0 Re8 12. a3 Bxc3 13. Qxc3 Qxc3 14. bxc3 Ne4 15. Rfc1 g6 16. Bxe4 Rxe4 17. Bf4 f6 18. Ne1 Nb6 19. a4 Bd7 20. a5 Na4 21. Ra3 b5 22. Nc2 g5 23. Bg3 Be8 24. Nb4 Bf7 25. Na6 Rd8 26. Rb1 Be8 27. Nc7 a6 28. Nxa6 Ra8 29. Nc7 Rxa5 30. Nxd5 Kg7 31. h3 Bd7 32. Nb6 Be8 33. Nxa4 Rxa4 34. Rxa4 bxa4 35. Bd6 Re6 36. Ba3 Ra6 37. Rb7+ Kg6 38. Rc7 Bf7 39. Rb7 h5 40. Rb5 Be8 41. Rc5 Bf7 42. d5 h4 43. e4 Rb6 44. Rxc4 Rb3 45. Rxa4 Rxc3 46. Be7 Rc7 47. d6 Rc1+ 48. Kh2 Be6 49. Rd4 Bd7 50. Rd3 Re1 51. Rf3 f5 52. exf5+ Bxf5 53. Rxf5 Kxf5 54. d7 Rxe7 55. d8Q Re6 56. Qd5+ Kf6 57. g3 hxg3+ 58. Kxg3 Re5 59. Qd4 Kf5 60. Qd7+ Re6 61. h4 gxh4+ 62. Kxh4 Kf6 63. f4 Re7 64. Qd8 Kf7 65. Kg5 Re8 66. Qxe8+ 1-0

[Event "Castellon Provincial-ch"]
[Site "Castellon"]
[Date "2011.10.22"]
[Round "3.12"]
[White "Core Lopez, Virginia"]
[Black "Arambul Ripolles, Javier"]
[Result "1/2-1/2"]
[WhiteElo "1451"]
[BlackElo "1707"]
[PlyCount "119"]
[EventDate "2011.10.01"]
[EventType "swiss"]
[EventRounds "7"]
[EventCountry "ESP"]
[SourceTitle "EXT 2024"]
[Source "ChessBase"]
[SourceDate "2023.10.10"]
[SourceVersion "1"]
[SourceVersionDate "2023.10.10"]
[SourceQuality "1"]

1. d4 Nf6 2. c4 g6 3. Nc3 Bg7 4. e4 d6 5. Nf3 0-0 6. Be2 e5 7. 0-0 Nc6 8. d5 Ne7 9. b4 Ne8 10. Be3 f5 11. Ng5 f4 12. Bd2 Nxd5 13. Nxd5 Qxg5 14. f3 Rf7 15. Qc2 Be6 16. c5 c6 17. Nc3 d5 18. a4 h5 19. exd5 cxd5 20. Bd3 Kh7 21. Rac1 Rd8 22. Qb1 Bf5 23. Qc2 h4 24. Rfe1 Nc7 25. Nb1 Ne6 26. Bc3 d4 27. Bd2 Kh6 28. Na3 Nc7 29. Nc4 Nd5 30. Nxe5 Bxe5 31. Rxe5 Ne3 32. Bxe3 dxe3 33. Bxf5 gxf5 34. Rd1 Rxd1+ 35. Qxd1 Rf6 36. Qd8 Kh5 37. Qh8+ Qh6 38. Qe8+ Kg5 39. Qg8+ Qg6 40. Qh8 Rf7 41. Qd8+ Qf6 42. Qg8+ Rg7 43. Qe8 Rf7 44. Qg8+ Qg7 45. Qd8+ Kh5 46. Qd4 Qg5 47. Re8 Qf6 48. Rh8+ Kg6 49. Rg8+ Rg7 50. Rxg7+ Qxg7 51. Qd6+ Qf6 52. Qd1 Kh5 53. h3 Kg5 54. Qd5 Qa1+ 55. Kh2 Qf6 56. Qg8+ Kh6 57. Qe8 Kg7 58. Qd7+ Qf7 59. Qd4+ Kh7 60. Qxf4 1/2-1/2

[Event "Valenciana U18"]
[Site "Valenciana"]
[Date "2011.04.27"]
[Round "1.9"]
[White "Segarra Martinez, Axel"]
[Black "Core Lopez, Virginia"]
[Result "1-0"]
[WhiteElo "2068"]
[BlackElo "1382"]
[PlyCount "51"]
[EventDate "2011.04.27"]
[EventType "swiss"]
[EventRounds "7"]
[EventCountry "ESP"]
[SourceTitle "EXT 2024"]
[Source "ChessBase"]
[SourceDate "2023.10.10"]
[SourceVersion "1"]
[SourceVersionDate "2023.10.10"]
[SourceQuality "1"]

1. b3 d5 2. Bb2 Nf6 3. f4 c5 4. e3 Bg4 5. Bb5+ Bd7 6. Bxd7+ Nbxd7 7. Nf3 e6 8. d3 Bd6 9. Nbd2 Qc7 10. c4 d4 11. exd4 cxd4 12. g3 e5 13. fxe5 Nxe5 14. 0-0 Nxd3 15. Qe2+ Ne5 16. c5 d3 17. Qe1 Bxc5+ 18. Kh1 Nfd7 19. Nxe5 Nxe5 20. Bxe5 Qc6+ 21. Qe4 0-0 22. Qxc6 bxc6 23. Rac1 Be3 24. Bf4 Bxf4 25. Rxf4 Rfe8 26. Rd4 1-0

[Event "Valencia Autonomico-ch U18"]
[Site "Valencia"]
[Date "2010.04.10"]
[Round "7"]
[White "Core Lopez, Virginia"]
[Black "Llamazares Lopez, Marcos"]
[Result "0-1"]
[WhiteElo "1372"]
[BlackElo "1948"]
[PlyCount "118"]
[EventDate "2010.04.07"]
[EventType "swiss"]
[EventRounds "7"]
[EventCountry "ESP"]
[SourceTitle "EXT 2024"]
[Source "ChessBase"]
[SourceDate "2023.10.10"]
[SourceVersion "1"]
[SourceVersionDate "2023.10.10"]
[SourceQuality "1"]

1. e4 c5 2. Nf3 Nc6 3. d4 cxd4 4. Nxd4 g6 5. c4 Bg7 6. Be3 Nf6 7. Nc3 0-0 8. Be2 d6 9. 0-0 Bd7 10. Qd2 Nxd4 11. Bxd4 Bc6 12. f3 a5 13. Rac1 Nd7 14. Be3 Nc5 15. b3 Qb6 16. Nd5 Bxd5 17. cxd5 Rfc8 18. Rfd1 Qb4 19. Qxb4 axb4 20. Rc2 Ra5 21. Bd2 Rca8 22. Bxb4 Rxa2 23. Rxa2 Rxa2 24. Bc4 b6 25. Rd2 Ra1+ 26. Kf2 Rb1 27. Bxc5 dxc5 28. Ra2 Bd4+ 29. Kg3 b5 30. Bxb5 Rxb3 31. Bc6 c4 32. Ra4 Be5+ 33. Kg4 h5+ 34. Kh4 c3 35. Rc4 Rb2 36. Kh3 g5 37. Ba4 Kg7 38. Bd1 Kg6 39. g3 Rd2 40. Ba4 g4+ 41. fxg4 hxg4+ 42. Kxg4 Rxh2 43. Rc6+ f6 44. Rc8 Kf7 45. Be8+ Kg7 46. Ba4 Rg2 47. Kf5 Rxg3 48. Ke6 Bd6 49. Bc2 Re3 50. Kf5 Kf7 51. Bd1 Rd3 52. Bc2 Rf3+ 53. Kg4 Rg3+ 54. Kh4 Be5 55. Bb3 Rd3 56. d6+ e6 57. Rc7+ Ke8 58. Re7+ Kd8 59. Bxe6 Bxd6 0-1

[Event "Valencia Autonomico-ch U18"]
[Site "Valencia"]
[Date "2010.04.07"]
[Round "1"]
[White "Core Lopez, Virginia"]
[Black "Navarro Diaz, Carles"]
[Result "0-1"]
[WhiteElo "1372"]
[BlackElo "2038"]
[PlyCount "46"]
[EventDate "2010.04.07"]
[EventType "swiss"]
[EventRounds "7"]
[EventCountry "ESP"]
[SourceTitle "EXT 2024"]
[Source "ChessBase"]
[SourceDate "2023.10.10"]
[SourceVersion "1"]
[SourceVersionDate "2023.10.10"]
[SourceQuality "1"]

1. d4 Nf6 2. c4 g6 3. Nc3 Bg7 4. Nf3 0-0 5. g3 d6 6. Bg2 c6 7. 0-0 Nbd7 8. e4 e5 9. d5 Nc5 10. Bg5 a5 11. Re1 h6 12. Bxf6 Bxf6 13. Na4 Nxa4 14. Qxa4 cxd5 15. cxd5 h5 16. h4 Bg7 17. b4 Bh6 18. bxa5 Rxa5 19. Qc2 f5 20. Bh3 Rc5 21. Qb3 f4 22. Bxc8 Qxc8 23. Nh2 Rc3 0-1

[Event "Valencia-ch (Women)"]
[Site "Valencia"]
[Date "2009.10.10"]
[Round "3.1"]
[White "Core Lopez, Virginia"]
[Black "Vieito Ribelles, Ariadna"]
[Result "0-1"]
[WhiteElo "1369"]
[BlackElo "1693"]
[PlyCount "68"]
[EventDate "2009.10.08"]
[EventType "tourn"]
[EventRounds "5"]
[EventCountry "ESP"]
[SourceTitle "EXT 2024"]
[Source "ChessBase"]
[SourceDate "2023.10.10"]
[SourceVersion "1"]
[SourceVersionDate "2023.10.10"]
[SourceQuality "1"]

1. e4 e5 2. Nf3 Nc6 3. d4 exd4 4. Nxd4 Bb4+ 5. c3 Bc5 6. Be3 Bb6 7. Bc4 Nf6 8. f3 d6 9. Nd2 Qe7 10. N2b3 d5 11. Bb5 Bd7 12. Nxc6 bxc6 13. Bxb6 cxb6 14. Bd3 dxe4 15. fxe4 Nxe4 16. 0-0 Nc5 17. Re1 Ne6 18. Nd4 0-0 19. Qg4 Qc5 20. Kh1 Rad8 21. Bf5 Nxd4 22. Bxd7 Nc2 23. Re8 Rdxe8 24. Bxe8 Rxe8 25. Qd7 Qe7 26. Qxe7 Rxe7 27. Rd1 Re1+ 28. Rxe1 Nxe1 29. Kg1 Nd3 30. b3 Kf8 31. Kf1 Ke7 32. Ke2 Nc1+ 33. Ke3 Nxa2 34. Kd2 b5 0-1

[Event "Valencia-ch (Women)"]
[Site "Valencia"]
[Date "2009.10.10"]
[Round "4.2"]
[White "Sanchez Dengra, Barbara"]
[Black "Core Lopez, Virginia"]
[Result "1-0"]
[WhiteElo "1791"]
[BlackElo "1369"]
[PlyCount "45"]
[EventDate "2009.10.08"]
[EventType "tourn"]
[EventRounds "5"]
[EventCountry "ESP"]
[SourceTitle "EXT 2024"]
[Source "ChessBase"]
[SourceDate "2023.10.10"]
[SourceVersion "1"]
[SourceVersionDate "2023.10.10"]
[SourceQuality "1"]

1. e4 c5 2. Nf3 e6 3. d4 cxd4 4. Nxd4 a6 5. Nc3 Qc7 6. Be2 Nf6 7. 0-0 Nc6 8. Be3 Bb4 9. Na4 b5 10. Nxc6 Qxc6 11. Nb6 Rb8 12. e5 Ng8 13. Bf3 Qc7 14. Na8 Qxe5 15. Ba7 Rxa8 16. Bxa8 Qxb2 17. Bd4 Bc3 18. Rb1 Qxa2 19. Bxc3 f6 20. Be4 d5 21. Bd3 Qa3 22. Qh5+ Kf8 23. Bb4+ 1-0

[Event "Valencia-ch (Women)"]
[Site "Valencia"]
[Date "2009.10.08"]
[Round "1.2"]
[White "Core Lopez, Virginia"]
[Black "Pastor Jorda, Ana Maria"]
[Result "1/2-1/2"]
[WhiteElo "1369"]
[BlackElo "1645"]
[PlyCount "85"]
[EventDate "2009.10.08"]
[EventType "tourn"]
[EventRounds "5"]
[EventCountry "ESP"]
[SourceTitle "EXT 2024"]
[Source "ChessBase"]
[SourceDate "2023.10.10"]
[SourceVersion "1"]
[SourceVersionDate "2023.10.10"]
[SourceQuality "1"]

1. e4 e5 2. Nf3 Nc6 3. Bc4 Bc5 4. Nc3 Nf6 5. d3 d6 6. Be3 Bb6 7. Nd5 Nxd5 8. Bxd5 Ne7 9. Bb3 Ng6 10. Qd2 Bxe3 11. fxe3 Be6 12. d4 Bxb3 13. axb3 0-0 14. 0-0 c6 15. c4 f6 16. b4 Re8 17. Rfe1 a6 18. b3 h6 19. Rac1 Ne7 20. d5 cxd5 21. exd5 g5 22. e4 Rc8 23. c5 Kg7 24. g4 Qd7 25. h3 Ng6 26. Qc3 Nf4 27. Kh2 Red8 28. Nd2 b5 29. c6 Qc7 30. Rc2 Qb6 31. Qe3 Qxe3 32. Rxe3 Rc7 33. Nf3 h5 34. gxh5 Nxh5 35. Rec3 Nf4 36. Ra2 Rh8 37. Ng1 Ra8 38. Ne2 Nxe2 39. Rxe2 Kg6 40. Rf2 Rh8 41. Rcf3 Rf8 42. Ra2 Ra8 43. h4 1/2-1/2